书目信息 |
| 题名: |
Borland传奇
|
|
| 作者: | 李维 著 | |
| 分册: | ||
| 出版信息: | 北京 电子工业出版社 2004.06 |
|
| 页数: | 272页 | |
| 开本: | 26cm | |
| 丛书名: | ||
| 单 册: | ||
| 中图分类: | F471.266 | |
| 科图分类: | ||
| 主题词: | 工业经济 , 国际贸易 | |
| 电子资源: | ||
| ISBN: | 7-120-00056-X | |
| 000 | 00550nam0 2200217 450 | |
| 001 | 0758277677 | |
| 005 | 20071217163940.65 | |
| 010 | @a7-120-00056-X@dCNY29.00 | |
| 100 | @a20070628d2004 km y0chiy0120 ea | |
| 101 | 0 | @achi |
| 102 | @aCN@b110000 | |
| 200 | 1 | @aBorland传奇@ABorland chuan qi@f李维著@Fli wei zhu |
| 205 | @a2版 | |
| 210 | @a北京@c电子工业出版社@d2004.06 | |
| 215 | @a272页@d26cm | |
| 606 | 0 | @a工业经济 |
| 606 | 0 | @a国际贸易 |
| 690 | @aF471.266@v3 | |
| 701 | 0 | @a李维@Ali wei@4著 |
| 801 | 0 | @aCN@c20071217 |
| 905 | @dF471.266@eL283 | |
| Borland传奇/李维著.-2版.-北京:电子工业出版社,2004.06 |
| 272页;26cm |
| ISBN 7-120-00056-X:CNY29.00 |
| ● |
| 相关链接 |
|
|
|
正题名:Borland传奇
索取号:F471.266/L283
 
预约/预借
| 序号 | 登录号 | 条形码 | 馆藏地/架位号 | 状态 | 备注 |
| 1 | 450252 | 204502528 | 社科二线422/422社科库 47排3列2层/ [索取号:F471.266/L283] | 在馆 | |
| 2 | 450253 | 204502537 | 社科库409/409社科库 37排4列2层/ [索取号:F471.266/L283] | 在馆 | |
| 3 | 450254 | 204502546 | 社科库409/400B社科库 3排2列5层/ [索取号:F471.266/L283] | 在馆 | |
| 4 | 450679 | 204506793 | 社科库409/400B社科库 3排2列5层/ [索取号:F471.266/L283] | 在馆 | |
| 5 | 450680 | 204506800 | 社科库409/409社科库 37排4列2层/ [索取号:F471.266/L283] | 在馆 |